000 00406nam a2200157Ia 4500
003 OSt
005 20230526152702.0
008 211028s2016 xx 000 0 und d
040 _cAIMIT LIBRARY
041 _aeng
100 _aFernandes, Florella Anna; Vanitha, T.
_98624
_e141905
110 _aVanitha T
_98625
245 _aIndustry management system.
260 _aMangalore
_c2016
942 _2ddc
_cPRO
999 _c219981
_d219981